000 00650nam a2200241Ia 4500
003 OSt
005 20220918221504.0
006 a|||||r|||| 00| 0
007 ta
008 220917b |||||||| |||| 00| 0 eng d
024 _a188,540
037 _cTextual
040 _aARTS
_cARTS
_beng
041 _2eng
_aeng
082 _aV277.N9, N7
100 _aTrivedi V. R. Ed.
_9140552
245 0 _aImportant events of Assam
260 _aNew Delhi
_bOmsons Publications
_c1997
300 _aviii,362 p.
_ccm.
650 _aASSAM - HISTORY
_928704
942 _hV277.N9, N7
_cTEXL
_2CC
999 _c272669
_d272669